Криптографические методы защиты информации: учебное пособие для вузов

Bibliografiske detaljer
Hovedforfatter: Гашков С. Б. Сергей Борисович
Andre forfattere: Применко Э. А. Эдуард Андреевич, Черепнев М. А. Михаил Алексеевич
Summary:В учебном пособии изложены математические методы криптографической защиты информации и обзор самых известных теоретико-числовых алгоритмов. Рассмотрены различные классы криптографических протоколов, основанные как на симметрической криптосистеме (с секретным ключом), так и на криптосистеме с открытым ключом, а также основы теории кодирования и использования алгебраических расширений поля рациональных чисел. Для студентов высших учебных заведений, обучающихся по специальности «Информационная безопасность».
Sprog:russisk
Udgivet: Москва, Академия, 2010
Serier:Высшее профессиональное образование. Информационная безопасность
Fag:
Format: MixedMaterials Bog
KOHA link:https://koha.lib.tpu.ru/cgi-bin/koha/opac-detail.pl?biblionumber=185237

MARC

LEADER 00000nam0a2200000 4500
001 185237
005 20231101223914.0
010 |a 9785769549625 
035 |a (RuTPU)RU\TPU\book\200916 
090 |a 185237 
100 |a 20101005d2010 m y0rusy50 ca 
101 0 |a rus 
102 |a RU 
105 |a a j 001zy 
200 1 |a Криптографические методы защиты информации   |e учебное пособие для вузов  |f С. Б. Гашков, Э. А. Применко, М. А. Черепнев 
210 |a Москва  |c Академия  |d 2010 
215 |a 304 с.  |c ил. 
225 1 |a Высшее профессиональное образование. Информационная безопасность 
320 |a Библиогр.: с. 287-294. 
320 |a Предметный указатель: с. 285-286. 
330 |a В учебном пособии изложены математические методы криптографической защиты информации и обзор самых известных теоретико-числовых алгоритмов. Рассмотрены различные классы криптографических протоколов, основанные как на симметрической криптосистеме (с секретным ключом), так и на криптосистеме с открытым ключом, а также основы теории кодирования и использования алгебраических расширений поля рациональных чисел. Для студентов высших учебных заведений, обучающихся по специальности «Информационная безопасность». 
606 1 |a Криптография  |2 stltpush  |3 (RuTPU)RU\TPU\subj\39765  |9 81548 
610 1 |a понятия 
610 1 |a история 
610 1 |a алгебраические основы 
610 1 |a эллиптические кривые 
610 1 |a конечные поля 
610 1 |a базовые протоколы 
610 1 |a прикладные протоколы 
610 1 |a информация 
610 1 |a защита 
610 1 |a криптографические методы 
610 1 |a учебные пособия 
675 |a 681.3.067(075.8)  |v 3 
700 1 |a Гашков  |b С. Б.  |g Сергей Борисович 
701 1 |a Применко  |b Э. А.  |g Эдуард Андреевич 
701 1 |a Черепнев  |b М. А.  |g Михаил Алексеевич 
801 1 |a RU  |b 63413507  |c 20101005 
801 2 |a RU  |b 63413507  |c 20210205  |g RCR 
900 |a Методы защиты компьютерной информации 
900 |a Методы и средства защиты информации 
900 |a Информационная безопасность и защита информации 
942 |c BK 
951 |b 010500  |b 010400 
959 |a 68/20101005  |d 2  |e 449,90  |f АНЛ:1  |f ЧЗТЛ:1